Opera Omnia
Uloženo v:
| Hlavní autor: | |
|---|---|
| Médium: | Kniha |
| Jazyk: | latina |
| Vydáno: |
Roma
Thomas Aquinas Foundation
1967
|
| Témata: | |
| Tagy: |
Přidat tag
Žádné tagy, Buďte první, kdo vytvoří štítek k tomuto záznamu!
|
MARC
| LEADER | 00000nam a2200000 a 4500 | ||
|---|---|---|---|
| 001 | UCX6149 | ||
| 003 | CL-VaPUC | ||
| 008 | 930426e19670000IT |||||||||||||||||lat|d | ||
| 082 | 0 | 4 | |a 189.4 |b TOM |2 21 |
| 100 | |a Tomás de Aquino |d 1220-1274 |c Santo |e author |9 255832 | ||
| 245 | 1 | 0 | |a Opera Omnia |
| 300 | |a v | ||
| 942 | |c BK | ||
| 945 | |d 19930426 00:00:00 | ||
| 260 | |a Roma |b Thomas Aquinas Foundation |c 1967 | ||
| 500 | |a t.40 p.A: Contra errores graecorum | ||
| 500 | |a t.40 p.B-C: De rationibus fidei de forma absolutionis | ||
| 500 | |a t.40 p.D-E: De substant: us separatis super decretalem | ||
| 500 | |a t.40 v.1: Sentencia libri de anima | ||
| 500 | |a t.40 v.2: Sentencia libri de sensu et sensato | ||
| 500 | |a t.41 p.A: Contra impugnanates dei cultum et religionem | ||
| 650 | 0 | |a Escolasticismo |9 264998 | |
| 650 | 0 | |a Tomismo |9 259214 | |
| 583 | |a last modification |c 19930426 00:00:00 |k Rodrigo Vera | ||
| 999 | |c 226227 |d 226225 | ||
| 952 | |0 0 |1 0 |4 0 |6 189_400000000000000_TOM_1967 |7 0 |8 P |9 224433 |a BIBEDU |b BIBEDU |c BIBEDU_PB |d 2019-11-15 |i 2931850 |o 189.4 TOM 1967 |p 2931850 |r 2024-01-25 |w 2019-11-15 |y BK |k FIL | ||
| 952 | |0 0 |1 0 |4 0 |6 189_400000000000000_TOM_1967 |7 0 |8 P |9 224434 |a BIBEDU |b BIBEDU |c BIBEDU_PB |d 2019-11-15 |i 2931869 |o 189.4 TOM 1967 |p 2931869 |r 2024-01-25 |w 2019-11-15 |y BK |k FIL | ||
| 952 | |0 0 |1 0 |4 0 |6 189_400000000000000_TOM_1967 |7 0 |8 P |9 224435 |a BIBEDU |b BIBEDU |c BIBEDU_PB |d 2019-11-15 |i 2931877 |o 189.4 TOM 1967 |p 2931877 |r 2024-01-25 |w 2019-11-15 |y BK |k FIL | ||
| 952 | |0 0 |1 0 |4 0 |6 189_400000000000000_TOM_1967 |7 0 |8 P |9 224436 |a BIBEDU |b BIBEDU |c BIBEDU_PB |d 2019-11-15 |i 2931885 |o 189.4 TOM 1967 |p 2931885 |r 2024-01-25 |w 2019-11-15 |y BK |k FIL | ||
| 952 | |0 0 |1 0 |4 0 |6 189_400000000000000_TOM_1967 |7 0 |8 P |9 224437 |a BIBEDU |b BIBEDU |c BIBEDU_PB |d 2019-11-15 |i 2931893 |o 189.4 TOM 1967 |p 2931893 |r 2024-01-25 |w 2019-11-15 |y BK |k FIL | ||
| 952 | |0 0 |1 0 |4 0 |6 189_400000000000000_TOM_1967 |7 0 |8 P |9 224438 |a BIBEDU |b BIBEDU |c BIBEDU_PB |d 2019-11-15 |i 2931907 |o 189.4 TOM 1967 |p 2931907 |r 2024-01-25 |w 2019-11-15 |y BK |k FIL | ||
| 952 | |0 0 |1 0 |4 0 |6 189_400000000000000_TOM_1967 |7 0 |8 P |9 224439 |a BIBEDU |b BIBEDU |c BIBEDU_PB |d 2019-11-15 |i 2931915 |o 189.4 TOM 1967 |p 2931915 |r 2024-01-25 |w 2019-11-15 |y BK |k FIL | ||
| 952 | |0 0 |1 0 |4 0 |6 189_400000000000000_TOM_1967 |7 0 |8 P |9 224440 |a BIBEDU |b BIBEDU |c BIBEDU_PB |d 2019-11-15 |i 2931923 |o 189.4 TOM 1967 |p 2931923 |r 2024-01-25 |w 2019-11-15 |y BK |k FIL | ||
| 952 | |0 0 |1 0 |4 0 |6 189_400000000000000_TOM_1967 |7 0 |8 P |9 224441 |a BIBEDU |b BIBEDU |c BIBEDU_PB |d 2019-11-15 |i 2931931 |o 189.4 TOM 1967 |p 2931931 |r 2024-01-25 |w 2019-11-15 |y BK |k FIL | ||
| 952 | |0 0 |1 0 |4 0 |6 189_400000000000000_TOM_1967 |7 0 |8 P |9 224442 |a BIBEDU |b BIBEDU |c BIBEDU_PB |d 2019-11-15 |i 293194K |o 189.4 TOM 1967 |p 293194K |r 2024-01-25 |w 2019-11-15 |y BK |k FIL | ||
| 952 | |0 0 |1 0 |4 0 |6 189_400000000000000_TOM_1967 |7 0 |8 P |9 224443 |a BIBEDU |b BIBEDU |c BIBEDU_PB |d 2019-11-15 |i 2931958 |l 1 |o 189.4 TOM 1967 |p 2931958 |r 2024-01-25 |s 2022-08-17 |w 2019-11-15 |y BK |k FIL | ||
| 952 | |0 0 |1 0 |4 0 |6 189_400000000000000_TOM_1967 |7 0 |8 P |9 224444 |a BIBEDU |b BIBEDU |c BIBEDU_PB |d 2019-11-15 |i 2931966 |l 1 |o 189.4 TOM 1967 |p 2931966 |r 2024-01-25 |s 2022-08-17 |w 2019-11-15 |y BK |k FIL | ||